01239cam a22003974i 4500003000900000005001700009008004100026020001500067035002700082040003300109082001900142110002500161245006900186264005200255300005500307336002100362337002500383338002300408490003400431505023100465526001000696526001000706526000900716526000900725526000900734526000900743526000900752526000900761526000900770526000800779526000800787526000800795526000800803526000800811650002200819PE-LiUPU20250731165650.0150616s r 000 0 d a0521234468 a(Sirsi) i9780521234467 aPE-LiUPUbspacPE-LiUPUerda04a909.008bC2212 aCambridge University14aThe Rise of Rome to 220 B.C.n7:2 /cCambridge University Press. 1aCambridge :bCambridge University Press,c1994. a811 páginas :bilustraciones ;c24 centímetros atext2rdacontent aunmediated2rdamedia avolume2rdacarrier0 aThe Cambridge Ancient History0 aThe sources for early Roman history.- Archaic Rome between Latium and Etruria.- The origins of Rome.- Rome in the fifth century I: the social and economic framework.- Rome in the fifth century II: the citizen community.- Etc.. aSEG44 aSEG26 aP151 aP150 aP149 aP146 aP145 aP126 aP125 aP92 aP75 aP74 aP27 aP1504aHistoria antigua.